|
|
|
|
| LEADER |
00000nam0a2200000 4500 |
| 001 |
105593 |
| 005 |
20231031114454.0 |
| 035 |
|
|
|a (RuTPU)RU\TPU\book\113941
|
| 090 |
|
|
|a 105593
|
| 100 |
|
|
|a 20061120d2003 k y0rusy50 ca
|
| 101 |
0 |
|
|a rus
|
| 102 |
|
|
|a RU
|
| 105 |
|
|
|a a z 001zy
|
| 200 |
1 |
|
|a Социальные, экономические, экологические и медицинские последствия, обусловленные авариями на ПО "Маяк" и 4-м блоке Чернобыльской АЭС
|e обзор и анализ материалов открытых публикаций
|e внеплановый отчет
|f Федеральный надзор России по ядерной и радиационной безопасности (Госатомнадзор России); под ред. Б. Г. Гордона
|
| 210 |
|
|
|a Москва
|c Госатомнадзор России
|d 2003
|
| 215 |
|
|
|a 164 с.
|c ил.
|
| 320 |
|
|
|a Библиогр.: с. 159-164.
|
| 610 |
1 |
|
|a атомные электростанции
|
| 610 |
1 |
|
|a аварии
|
| 610 |
1 |
|
|a последствия
|
| 610 |
1 |
|
|a радиологические проблемы
|
| 610 |
1 |
|
|a экологические катастрофы
|
| 610 |
1 |
|
|a 20 век
|
| 610 |
1 |
|
|a СССР
|
| 610 |
1 |
|
|a Чернобыльская АЭС
|
| 610 |
1 |
|
|a социальные последствия
|
| 610 |
1 |
|
|a экономические последствия
|
| 610 |
1 |
|
|a медицинские последствия
|
| 610 |
1 |
|
|a жидкие радиоактивные отходы
|
| 610 |
1 |
|
|a безопасное обращение
|
| 610 |
1 |
|
|a Чернобыльская авария
|
| 610 |
1 |
|
|a ликвидация
|
| 610 |
1 |
|
|a радиационные аварии
|
| 610 |
1 |
|
|a социальная защита
|
| 610 |
1 |
|
|a здоровье
|
| 610 |
1 |
|
|a ущерб
|
| 675 |
|
|
|a 621.311.25:621.039.58
|v 3
|
| 702 |
|
1 |
|a Гордон
|b Б. Г.
|4 340
|
| 712 |
0 |
1 |
|a Российская Федерация
|b Федеральный надзор по ядерной и радиационной безопасности (Госатомнадзор России)
|c (2002-2004)
|2 stltpush
|3 (RuTPU)RU\TPU\col\10705
|
| 801 |
|
1 |
|a RU
|b 63413507
|c 20061120
|g PSBO
|
| 801 |
|
2 |
|a RU
|b 63413507
|c 20101130
|g PSBO
|
| 942 |
|
|
|c BK
|
| 959 |
|
|
|a 95/20061120
|d 1
|e 500,00
|f НФ:1
|